| 000 | 00000nam 2200000zi 4500 |
| 001 | 9.937227 |
| 003 | CaOODSP |
| 005 | 20240419151501 |
| 006 | m o d f |
| 007 | cr |n||||||||| |
| 008 | 240419e19850125onc o f000 0 fre d |
| 040 | |aCaOODSP|bfre|erda|cCaOODSP |
| 043 | |an-cn--- |
| 086 | 1 |aId46-26/1985F-PDF |
| 245 | 00|aRapport d'une enquête concernant les filés de nylon texturés dans la gamme de 65 à 125 decitex (59 à 112 deniers). |
| 246 | 34|aFilés de nylon texturés dans la gamme de 65 à 125 decitex (59 à 112 deniers) : |bun rapport au ministre de l'Expansion industrielle régionale |
| 264 | 1|aOttawa, Canada : |bGouvernement du Canada, Commission du textile et du vêtement = Government of Canada, Textile and Clothing Board, |c25 janvier 1985. |
| 300 | |a1 ressource en ligne (27 pages) |
| 336 | |atexte|btxt|2rdacontent/fre |
| 337 | |ainformatique|bc|2rdamedia/fre |
| 338 | |aressource en ligne|bcr|2rdacarrier/fre |
| 500 | |aPublié aussi en anglais sous le titre : Report on an inquiry respecting textured nylon yarns in the range of 65-125 decitex (59-112 denier). |
| 500 | |aÉdition numérisée de l'imprimé [par Innovation, Sciences et Développement économique Canada]. |
| 650 | 6|aTextiles et tissus|xIndustrie et commerce|zCanada. |
| 650 | 6|aNylon. |
| 650 | 6|aBas (Vêtements)|xIndustrie|zCanada. |
| 710 | 1 |aCanada. |bCommission du textile et du vêtement, |eorganisme de publication. |
| 710 | 1 |aCanada. |bMinistère de l'expansion industrielle régionale, |eorganisme de publication. |
| 775 | 08|tReport on an inquiry respecting textured nylon yarns in the range of 65-125 decitex (59-112 denier).|w(CaOODSP)9.897212 |
| 856 | 40|qPDF|s739 Ko|uhttps://publications.gc.ca/collections/collection_2024/isde-ised/Id46-26-1985-fra.pdf |